Jak vojáček Uli z bitvy u Lovosic utekl : podle skutečné události : bitva u Lovosic Ulrich Braeker 1756 ; Jak král v bitvě u Lovosic málem o život přišel /

Hlavní autor: Stará, Anna, 1949-
Jazyk: Čeština
Vydáno: [Ústí nad Labem] : Severočeská vědecká knihovna spolu se Severočeským klubem spisovatelů, 2012
Témata:
Fyzický popis: [2, 10] s. : il. ; 21 cm
Knihy
Uloženo v:
LEADER 01667nam a2200409 a 4500
001 nkc20122427723
003 CZ PrNK
005 20130109095633.0
007 ta
008 121121s2012 xr a b 000 j cze
015 |a cnb002427723 
020 |a 978-80-7055-189-9  |q (Severočeská vědecká knihovna :  |q v knize neuvedeno :  |q brož.) 
035 |a (OCoLC)823821781 
040 |a OLA001  |b cze 
072 7 |a 821.162.3-3  |x Česká próza  |2 Konspekt  |9 25 
072 7 |a 821-93  |x Literatura pro děti a mládež (beletrie)  |2 Konspekt  |9 26 
080 |a 821.162.3-32  |2 MRF 
080 |a 821-93  |2 MRF 
080 |a (0:82-32)  |2 MRF 
100 1 |a Stará, Anna,  |d 1949-  |7 mzk2008486593  |4 aut  |4 ill 
245 1 0 |a Jak vojáček Uli z bitvy u Lovosic utekl :  |b podle skutečné události : bitva u Lovosic Ulrich Braeker 1756 ; Jak král v bitvě u Lovosic málem o život přišel /  |c Anna Stará 
260 |a [Ústí nad Labem] :  |b Severočeská vědecká knihovna spolu se Severočeským klubem spisovatelů,  |c 2012 
300 |a [2, 10] s. :  |b il. ;  |c 21 cm 
500 |a Názvy z obálky 
500 |a 2. dílo tištěno zvratmo 
500 |a 1500 výt. 
655 7 |a české příběhy  |7 fd133973  |2 czenas 
655 7 |a publikace pro děti  |7 fd133156  |2 czenas 
655 9 |a Czech stories  |2 eczenas 
655 9 |a children's literature  |2 eczenas 
700 1 2 |a Stará, Anna,  |d 1949-  |t Jak král v bitvě u Lovosic málem o život přišel 
910 2 |a BOA001  |b 2-1295.436 
928 9 |a Severočeský klub spisovatelů 
990 |a BK 
995 |a 01 
991 |b 201212  |e db 
996 6 |b 2610529937  |c 2-1295.436  |l MZK  |r Sklad / do 1 hodiny  |n 0  |p p.v.  |w 001301629  |u 000010  |a 1  |e BOA001  |j MZK50  |s P